000 00654nam a22001937a 4500
999 _c187323
_d187323
005 20230525101133.0
010 _aENG-132289 ENG-137036
020 _a9789384052188
_c599.00
035 _aEN-115821
035 _aEN-120568
037 _bDBAD/PUB
082 _a363.32
100 _aChadha,Vivek
245 _aLifeblood of terrorism:
_bcountering Terrorism Finance/
_cVivek Chadha
260 _aNew Delhi
_bBloomsbury Publishing India Pvt. Ltd
_c2015
270 _bNew Delhi
_aVishrut Building,DDA Complex, Building No. 3 Pocket C-6 & 7
_e110070
300 _aix,258p.
_bAnnexures ,Index
_c24cm(hbk)
942 _2ddc
_cEN
_mCHA
_h363.32